Estatísticas para Os 15 principais países com mortes por Covid19 - 21 julho 2021

Clique aqui para jogar o quiz

Estatísticas Gerais

  • Esse quiz foi jogado 4 vezes
  • A pontuação média é 14 de 25

Estatísticas das Respostas

país% Correto
Alemanha
100%
Argentina
100%
Brasil
100%
Colômbia
100%
Espanha
100%
Estados Unidos
100%
Índia
100%
Itália
100%
México
100%
Reino Unido
100%
Rússia
100%
França
67%
Indonésia
67%
Irão
67%
Peru
67%
Chéquia
33%
Paraguai
33%
Bélgica
0%
Bósnia e Herzegovina
0%
Bulgária
0%
Croácia
0%
Eslováquia
0%
Eslovénia
0%
Hungria
0%
Macedónia do Norte
0%

Distribuição das Pontuações

Percentil de Números Respondidos

Porcentagem de Pessoas com Cada Pontuação

Sua Pontuação Histórica

Você não jogou esse quiz